Nursing interventions & clinical skills / (Record no. 686)

MARC details
000 -LEADER
fixed length control field 00611cam a2200205 a 4500
020 ## - INTERNATIONAL STANDARD BOOK NUMBER
ISBN 032300802X
050 00 - CALL NUMBER
Classification number RT41
Item number .E15 ELK
100 1# - AUTHOR
Personal name Elkin, Martha Keene.
245 10 - TITLE
Title Nursing interventions & clinical skills /
Statement of responsibility, etc Martha Keene Elkin, Anne Griffin Perry, Patricia A. Potter.
250 ## - EDITION
Edition statement 2nd ed.
260 ## - PUBLICATION INFORMATION
Place of publication St. Louis :
Name of publisher Mosby,
Year of publication c2000.
300 ## - DESCRIPTION
Number of Pages xx, 998 p. :
Other physical details col. ill. ;
Dimensions 28 cm.
650 #0 - SUBJECTS
Topical Term Nursing.
650 #0 - SUBJECTS
Topical Term Clinical competence.
650 12 - SUBJECTS
Topical Term Nursing Process.
650 22 - SUBJECTS
Topical Term Nursing Care
General subdivision methods.
700 1# - OTHER AUTHORS
Personal name Perry, Anne Griffin.
700 1# - OTHER AUTHORS
Personal name Potter, Patricia Ann.
942 ## - ADDED ENTRY ELEMENTS (KOHA)
Koha item type Books
Holdings
Withdrawn status Lost status Home library Current library Shelving location Date acquired Full call number Accession Number Copy number Koha item type
    Methodist University Library Wenchi Nursing Methodist University Library Wenchi Nursing Reference 03/11/2017 RT41 .E15 ELK 2874 1 Books
    Methodist University Library Wenchi Nursing Methodist University Library Wenchi Nursing General Stacks 03/11/2017 RT41 .E15 ELK 2715 2 Books
Copyright © 2026  MUG Library